| 000 | 00384nam a2200121Ia 4500 | ||
|---|---|---|---|
| 008 | 150610s9999 xx 000 0 und d | ||
| 020 | _a9781400069637 | ||
| 050 |
_aPS 3554 _b.O3A79 2011 |
||
| 100 | _aDoctorow, E. L. | ||
| 245 |
_aAll the time in the world _b: new and selected stories / _cE.L. Doctorow. |
||
| 260 |
_aNew York : _bRandom House, _c2011. |
||
| 300 |
_a277pages ; _c25 cm. |
||
| 999 |
_c287913 _d287913 |
||